000 01303cas a2200397 a 4500
001 11474725
005 20030913090553.0
008 961014c19969999ii br p g 0 0eng d
010 _a 96900326
_zsn 96021949
022 _a0971-7544
025 _aI-D-E-96900326
030 _aJIPRFG
035 _a(OCoLC)ocm35732692
040 _aICRL
_cICRL
_dDLC
_dOUCA
_dOCoLC
042 _alc
043 _aa-ii---
050 _aK10
_b.O8657
082 _a346.5404/8/05
_221
245 _aJournal of intellectual property rights.
246 _aIntellectual property rights.
260 _aBangalore :
_bIndian Academy of Science
_cc1996-
300 _av. ;
_c24 cm.
310 _aQuarterly
362 _aVol. 1, no. 1 (Jan. 1996)-
500 _aTitle from cover.
590 _aSERBIB/SERLOC merged record
650 _aIntellectual property
_zIndia
_vPeriodicals.
650 _aPatents
_zIndia
_vPeriodicals.
650 _aIntellectual property
_vPeriodicals.
710 _aCouncil of Scientific & Industrial Research (India).
_bPublications & Information Directorate.
906 _a7
_bcbc
_cserials
_du
_encip
_f19
_gn-oclcserc
942 _2ddc
_cSR
_s1
999 _c23559
_d23559